RF Circuit design ; theory and applications; solution manual (Record no. 235507)
[ view plain ]
| 000 -LEADER | |
|---|---|
| fixed length control field | 00332 a2200121 4500 |
| 001 - CONTROL NUMBER | |
| control field | 434 |
| 082 ## - DEWEY DECIMAL CLASSIFICATION NUMBER | |
| Classification number | 621.3841202 LUD |
| 090 ## - LOCALLY ASSIGNED LC-TYPE CALL NUMBER (OCLC); LOCAL CALL NUMBER (RLIN) | |
| -- | 54 |
| -- | 54 |
| 100 ## - MAIN ENTRY--PERSONAL NAME | |
| Personal name | Reinhold Ludwig |
| 245 ## - TITLE STATEMENT | |
| Title | RF Circuit design ; theory and applications; solution manual |
| Medium | English |
| 260 ## - PUBLICATION, DISTRIBUTION, ETC. | |
| Place of publication, distribution, etc. | NJ |
| Name of publisher, distributor, etc. | Prentice-Hall inc |
| Date of publication, distribution, etc. | 2000 |
| 600 ## - SUBJECT ADDED ENTRY--PERSONAL NAME | |
| Personal name | Pavel Bretchko |
| 942 ## - ADDED ENTRY ELEMENTS (KOHA) | |
| Institution code [OBSOLETE] | NUST-CAE |
| Call number prefix | 621.3841202 LUD |
| Withdrawn status | Lost status | Damaged status | Not for loan | Collection code | Permanent Location | Current Location | Date acquired | Total Checkouts | Full call number | Barcode | Date last seen | Price effective from | Koha item type |
|---|---|---|---|---|---|---|---|---|---|---|---|---|---|
| College of Aeronautical Engineering (CAE) | College of Aeronautical Engineering (CAE) | 04/03/2017 | 621.3841202 LUD | CAEN-1092 | 04/05/2017 | 04/05/2017 | Book | ||||||
| College of Aeronautical Engineering (CAE) | College of Aeronautical Engineering (CAE) | 04/03/2017 | 621.3841202 LUD | CAEN-1093 | 04/05/2017 | 04/05/2017 | Book |
